00356nam a2200121 a 45000010005000000030005000050050017000100080041000270400020000681000040000882450086001282600020002141642CDMR20130116135213.0130130s1974||||||||||||||||||||||||||||d aCDMRbcatcCDMR1 aMartínez Roura, Joaquín María10aInformación y formación religiosa en televisióncJoaquin Mª Martinez Roura aBarcelonac1974